| 000 | 00000nam##2200000za#4500 |
| 001 | 9.659953 |
| 003 | CaOODSP |
| 005 | 20230202144025 |
| 007 | ta |
| 008 | 150407|2000||||xxc||||| f|0| 0 eng|d |
| 020 | |a0-662-64719-X |
| 040 | |aCaOODSP|beng |
| 041 | |aeng |
| 041 | |afre |
| 043 | |an-cn--- |
| 086 | 1 |aH72-21/153-1998 |
| 110 | 2 |aNational Clearinghouse on Family Violence (Canada). |
| 245 | 10|aAbuse in lesbian relationships : |binformation and resources / |cby Laurie Chesley, Donna MacAulay and Janice Ristock. |
| 260 | |bHealth Canada. |c1998. |
| 300 | |aEnglish text, 22p. : |breferences ; |c28 cm. |
| 563 | |aSoftcover |
| 590 | |a00-08|b2000-02-25 |
| 690 | 07|aSame-sex couples|2gcpds |
| 690 | 07|aViolence against women|2gcpds |
| 720 | 1 |aChesley, Laurie |
| 720 | 1 |aMacAulay, Donna |
| 720 | 1 |aRistock, Janice |
| 776 | 0#|tLa violence dans les relations lesbiennes : |w(CaOODSP)9.639835 |
| 776 | 0#|tAbuse in lesbian relationships : |w(CaOODSP)9.695708 |
| 792 | |tLa violence dans les relations lesbiennes : |efre|w(CaOODSP)9.659954 |